Pakistan ; At the Crosscurrent of History (Record no. 62994)

000 -LEADER
fixed length control field 00487nam a22001817a 4500
003 - CONTROL NUMBER IDENTIFIER
control field NUST - PNEC
005 - DATE AND TIME OF LATEST TRANSACTION
control field 20170116180802.0
008 - FIXED-LENGTH DATA ELEMENTS--GENERAL INFORMATION
fixed length control field 150414b xxu||||| |||| 00| 0 eng d
020 ## - INTERNATIONAL STANDARD BOOK NUMBER
International Standard Book Number 1851683119
040 ## - CATALOGING SOURCE
Transcribing agency LIBRARY
082 ## - DEWEY DECIMAL CLASSIFICATION NUMBER
Classification number 954.91 ZIR
100 ## - MAIN ENTRY--PERSONAL NAME
9 (RLIN) 2590
Personal name Lawrence Ziring
245 ## - TITLE STATEMENT
Title Pakistan ; At the Crosscurrent of History
Statement of responsibility, etc. Lawrence : Ziring
260 ## - PUBLICATION, DISTRIBUTION, ETC.
Place of publication, distribution, etc. Islamabad
Name of publisher, distributor, etc. Vanguard Books
Date of publication, distribution, etc. c2004.
300 ## - PHYSICAL DESCRIPTION
Extent 383p. :
650 ## - SUBJECT ADDED ENTRY--TOPICAL TERM
9 (RLIN) 2591
Topical term or geographic name entry element Pakistan
General subdivision AS
942 ## - ADDED ENTRY ELEMENTS (KOHA)
Source of classification or shelving scheme
Koha item type Book
Holdings
Withdrawn status Lost status Source of classification or shelving scheme Damaged status Not for loan Permanent Location Current Location Shelving location Date acquired Source of acquisition Cost, normal purchase price Total Checkouts Full call number Barcode Date last seen Cost, replacement price Price effective from Koha item type
          Pakistan Navy Engineering College (PNEC) Pakistan Navy Engineering College (PNEC)   03/24/2005 Vangaurd Books 795.00   954.91 ZIR PNECLIB-027051 04/14/2015 795.00 03/24/2005 Book
© 2023 Central Library, National University of Sciences and Technology. All Rights Reserved.